[Event "ROM-ch"]
[Site "Sebes"]
[Date "2023.02.23"]
[Round "6"]
[White "Nagy Elek, Tamas"]
[Black "Stoleriu, George"]
[Result "0-1"]
[WhiteElo "2056"]
[BlackElo "2389"]
[PlyCount "66"]
[EventDate "2023.02.19"]
[EventType "swiss"]
[EventRounds "9"]
[EventCountry "ROU"]
[SourceTitle "CBM 212 Extra"]
[Source "ChessBase"]
[SourceDate "2023.03.31"]
[SourceVersion "1"]
[SourceVersionDate "2023.03.31"]
[SourceQuality "1"]

1. e4 c6 2. Nc3 d5 3. Nf3 dxe4 4. Nxe4 Nf6 5. Qe2 Nxe4 6. Qxe4 Nd7 7. Bc4 Nf6 8. Ne5 e6 9. Qe2 Qc7 10. 0-0 b5 11. Bb3 Bd6 12. d4 0-0 13. c3 c5 14. Bc2 cxd4 15. cxd4 h6 16. Re1 Bb7 17. Bf4 Rac8 18. Rac1 Qb6 19. Qd3 Rfd8 20. f3 Kf8 21. Rcd1 Nd5 22. Bd2 Bxe5 23. Rxe5 Rxc2 24. Rxd5 Rxd5 25. Qxc2 Qxd4+ 26. Kh1 Kg8 27. h3 Rd7 28. Kh2 Bxf3 29. gxf3 Qf2+ 30. Kh1 Qxf3+ 31. Kh2 Rd3 32. Qc8+ Kh7 33. Qc2 f5 0-1

[Event "ROM-chT Blitz"]
[Site "Sebes"]
[Date "2022.12.04"]
[Round "3.22"]
[White "Nagy Elek, Tamas"]
[Black "Daianu, Cristian Clement"]
[Result "0-1"]
[WhiteElo "1979"]
[BlackElo "2189"]
[PlyCount "56"]
[EventDate "2022.12.04"]
[EventType "team-swiss (blitz)"]
[EventRounds "8"]
[EventCountry "ROU"]
[SourceTitle "CBM 211 Extra"]
[Source "ChessBase"]
[SourceDate "2023.01.31"]
[SourceVersion "1"]
[SourceVersionDate "2023.01.31"]
[SourceQuality "1"]
[WhiteTeam "Targu Mures Juvenes"]
[BlackTeam "Otopeni"]
[WhiteTeamCountry "ROU"]
[BlackTeamCountry "ROU"]

1. e4 c5 2. Nf3 d6 3. Bb5+ Nd7 4. c3 Ngf6 5. Qe2 e6 6. 0-0 Be7 7. d4 0-0 8. Rd1 d5 9. e5 Ne4 10. Nbd2 f5 11. exf6 Ndxf6 12. Bd3 cxd4 13. cxd4 Nd6 14. Ng5 Qd7 15. Ndf3 Nf5 16. Bxf5 exf5 17. Ne5 Qd8 18. Bd2 Ne4 19. Nxe4 fxe4 20. Rac1 Be6 21. Rc3 Bd6 22. Rg3 Qf6 23. f4 exf3 24. Rxf3 Qh4 25. Rdf1 Qxd4+ 26. Be3 Qxe5 27. h3 Qh2+ 28. Kf2 Bg3# 0-1

[Event "ROM-chT Blitz"]
[Site "Sebes"]
[Date "2022.12.04"]
[Round "2.14"]
[White "Secheres, Adrian Simion"]
[Black "Nagy Elek, Tamas"]
[Result "1-0"]
[WhiteElo "2365"]
[BlackElo "1979"]
[PlyCount "81"]
[EventDate "2022.12.04"]
[EventType "team-swiss (blitz)"]
[EventRounds "8"]
[EventCountry "ROU"]
[SourceTitle "CBM 211 Extra"]
[Source "ChessBase"]
[SourceDate "2023.01.31"]
[SourceVersion "1"]
[SourceVersionDate "2023.01.31"]
[SourceQuality "1"]
[WhiteTeam "Timisoara Vest Univ"]
[BlackTeam "Targu Mures Juvenes"]
[WhiteTeamCountry "ROU"]
[BlackTeamCountry "ROU"]

1. d4 d6 2. c4 e5 3. Nf3 Nd7 4. Nc3 g6 5. g3 Bg7 6. Bg2 Ngf6 7. 0-0 0-0 8. h3 h6 9. e4 Nh7 10. Be3 f5 11. exf5 gxf5 12. Qd2 h5 13. Nh4 f4 14. Bd5+ Rf7 15. Bxf7+ Kxf7 16. Qd3 Kg8 17. Bd2 Ng5 18. gxf4 exf4 19. Bxf4 Nf8 20. Bxg5 Qxg5+ 21. Qg3 Qxg3+ 22. fxg3 Bxh3 23. Rf4 Ne6 24. Re4 Bxd4+ 25. Kh2 Bg4 26. Nb5 Bb6 27. Rae1 a6 28. Nc3 Ng5 29. Rf4 Rf8 30. Rxf8+ Kxf8 31. Nd5 Ne6 32. Nxb6 cxb6 33. Kg2 Ke7 34. Kf2 Kd7 35. Ng2 Ng5 36. Ke3 Be6 37. b3 Nf7 38. Nf4 Bg4 39. Rh1 Ne5 40. Nxh5 Nc6 41. Nf6+ 1-0

[Event "ROM-chT Rapid"]
[Site "Sebes"]
[Date "2022.12.03"]
[Round "4.14"]
[White "Nagy Elek, Tamas"]
[Black "Cosma, Ioan"]
[Result "0-1"]
[WhiteElo "1979"]
[BlackElo "2368"]
[PlyCount "92"]
[EventDate "2022.12.03"]
[EventType "team-swiss (rapid)"]
[EventRounds "8"]
[EventCountry "ROU"]
[SourceTitle "CBM 211 Extra"]
[Source "ChessBase"]
[SourceDate "2023.01.31"]
[SourceVersion "1"]
[SourceVersionDate "2023.01.31"]
[SourceQuality "1"]
[WhiteTeam "Targu Mures Juvenes"]
[BlackTeam "Techirghiol Victoria"]
[WhiteTeamCountry "ROU"]
[BlackTeamCountry "ROU"]

1. e4 c5 2. Nf3 Nc6 3. Bb5 g6 4. 0-0 Bg7 5. Bxc6 dxc6 6. c3 Qd3 7. Re1 Nf6 8. Re3 Qd8 9. d4 0-0 10. h3 b6 11. Re1 cxd4 12. cxd4 c5 13. d5 e6 14. Bg5 h6 15. Bxf6 Qxf6 16. e5 Qf4 17. Nc3 Qb4 18. Qc2 b5 19. d6 Bb7 20. Ne4 c4 21. Re3 Qa5 22. Nf6+ Kh8 23. Nh4 Qd8 24. Nxg6+ fxg6 25. Qxg6 Rxf6 26. exf6 Qxf6 27. Qxf6 Bxf6 28. Rxe6 Kg7 29. Rd1 Kf7 30. Re3 Rd8 31. Kf1 Rd7 32. Re2 b4 33. Kg1 c3 34. bxc3 bxc3 35. f3 Ba6 36. Re4 c2 37. Rc1 Bd3 38. Rb4 Rxd6 39. Kf2 Bd4+ 40. Rxd4 Rxd4 41. Ke3 Rd7 42. f4 h5 43. g3 Bf5 44. Ke2 a5 45. h4 Rd1 46. Rxd1 Bg4+ 0-1

[Event "Sebes Romanian Rapid op"]
[Site "Sebes"]
[Date "2022.12.02"]
[Round "2"]
[White "Nagy Elek, Tamas"]
[Black "Filip, Lucian Ioan"]
[Result "0-1"]
[WhiteElo "1979"]
[BlackElo "2372"]
[PlyCount "112"]
[EventDate "2022.12.02"]
[EventType "swiss (rapid)"]
[EventRounds "8"]
[EventCountry "ROU"]
[SourceTitle "CBM 211 Extra"]
[Source "ChessBase"]
[SourceDate "2023.01.31"]
[SourceVersion "1"]
[SourceVersionDate "2023.01.31"]
[SourceQuality "1"]

1. Nf3 Nf6 2. c4 c5 3. Nc3 e6 4. g3 b6 5. Bg2 Bb7 6. 0-0 a6 7. d3 Be7 8. e4 d6 9. a3 0-0 10. Rb1 Nbd7 11. b4 Qc7 12. Bd2 Rfd8 13. Qe2 Rab8 14. Rfc1 Re8 15. d4 cxd4 16. Nxd4 Rbc8 17. Nd1 Qb8 18. Nb2 Qa8 19. Re1 Bf8 20. Rbc1 g6 21. Nd3 Bg7 22. Nb3 h6 23. f4 d5 24. cxd5 Rxc1 25. Rxc1 exd5 26. e5 Ne4 27. Nf2 Nf8 28. Nxe4 dxe4 29. Be3 Bd5 30. Nd2 b5 31. Bf2 f5 32. Bc5 Ne6 33. Nf1 Bc4 34. Qf2 Nxc5 35. Qxc5 Qd5 36. Qxd5+ Bxd5 37. Ne3 Bf7 38. Rc6 Re6 39. Rxe6 Bxe6 40. Kf2 Kf7 41. Ke2 g5 42. Bh3 gxf4 43. gxf4 Kg6 44. Kf2 Bf8 45. Bf1 Be7 46. Be2 Bh4+ 47. Kf1 Bd8 48. Kf2 Bb6 49. Bf1 Bd4 50. Ke2 Bb2 51. Nc2 Bc1 52. a4 bxa4 53. Kd1 Bxf4 54. Bxa6 Bb3 55. b5 a3 56. b6 a2 0-1

[Event "Sebes Romanian Rapid op"]
[Site "Sebes"]
[Date "2022.12.02"]
[Round "6"]
[White "Nagy Elek, Tamas"]
[Black "Lup, Constantin Ionel"]
[Result "0-1"]
[WhiteElo "1979"]
[BlackElo "1739"]
[PlyCount "108"]
[EventDate "2022.12.02"]
[EventType "swiss (rapid)"]
[EventRounds "8"]
[EventCountry "ROU"]
[SourceTitle "CBM 211 Extra"]
[Source "ChessBase"]
[SourceDate "2023.01.31"]
[SourceVersion "1"]
[SourceVersionDate "2023.01.31"]
[SourceQuality "1"]

1. e4 c5 2. Nf3 g6 3. c3 Bg7 4. d4 cxd4 5. cxd4 d5 6. e5 a6 7. Nc3 Nc6 8. Be2 Bg4 9. 0-0 e6 10. h3 Bxf3 11. Bxf3 Nge7 12. Be3 0-0 13. Qd2 Nf5 14. Rfd1 f6 15. exf6 Qxf6 16. Ne2 Nh4 17. Bf4 Nxf3+ 18. gxf3 Qh4 19. Kg2 Qf6 20. Qe3 Rae8 21. Bg5 Qf5 22. f4 h6 23. Bh4 Qh5 24. Bg3 Rf6 25. Ng1 Ref8 26. Qe2 Qf5 27. Qd3 Qxd3 28. Rxd3 g5 29. fxg5 hxg5 30. Nf3 Rf5 31. Re1 R8f6 32. Ne5 Nxe5 33. dxe5 Rf7 34. Rc3 Kh7 35. h4 gxh4 36. Rh1 Bxe5 37. Rxh4+ Kg6 38. Bxe5 Rxe5 39. Rg3+ Kf6 40. Rf3+ Rf5 41. Rc3 Ke5 42. Rc2 Kd6 43. Rh3 e5 44. Rh6+ R5f6 45. Rh3 e4 46. Rd2 Rf3 47. Rh4 Kc5 48. Rh8 Rd3 49. Rxd3 exd3 50. Rh3 Kc4 51. Kf1 Re7 52. Rh4+ d4 53. Rh8 d2 54. Rc8+ Kb5 0-1

[Event "ROM-ch Rapid"]
[Site "Bucharest"]
[Date "2022.03.12"]
[Round "3"]
[White "Bulau, Andrei Cristian"]
[Black "Nagy Elek, Tamas"]
[Result "1-0"]
[WhiteElo "2170"]
[BlackElo "1933"]
[PlyCount "95"]
[EventDate "2022.03.11"]
[EventType "swiss (rapid)"]
[EventRounds "9"]
[EventCountry "ROU"]
[SourceTitle "CBM 207 Extra"]
[Source "ChessBase"]
[SourceDate "2022.05.31"]
[SourceVersion "1"]
[SourceVersionDate "2022.05.31"]
[SourceQuality "1"]

1. d4 d5 2. Nf3 Nf6 3. e3 e6 4. Bd3 c5 5. b3 Bd6 6. Bb2 Nbd7 7. Ne5 Qc7 8. f4 0-0 9. 0-0 Ne4 10. Bxe4 dxe4 11. Nc3 f6 12. Nb5 Qb6 13. Nxd7 Bxd7 14. Nxd6 Qxd6 15. Ba3 Rfd8 16. Bxc5 Qa6 17. c4 Qa5 18. Qe1 Qxe1 19. Rfxe1 Kf7 20. Red1 Bc6 21. Rab1 b6 22. Ba3 a5 23. Rbc1 Ra7 24. Rd2 h5 25. Bb2 f5 26. Rcd1 Rad7 27. Kf2 Kg6 28. Bc3 Kf7 29. Rb1 Ra7 30. b4 b5 31. cxb5 Bxb5 32. bxa5 Bd3 33. Rb3 Rc8 34. Bb4 Rc1 35. Kg3 Rac7 36. Rdb2 Bc4 37. Rc3 Rxc3 38. Bxc3 Ra7 39. Rb6 Bxa2 40. Kh4 g6 41. Kg5 Bc4 42. Bb4 Bd5 43. a6 Kg7 44. Bd6 Kf7 45. Kh6 Kf6 46. Rb8 Bc4 47. Rb7 Rxa6 48. Be5# 1-0

[Event "Targu Mures op"]
[Site "Targu Mures"]
[Date "2021.07.22"]
[Round "2"]
[White "Nagy Elek, Tamas"]
[Black "Baltag, Iulian"]
[Result "0-1"]
[WhiteElo "1873"]
[BlackElo "2405"]
[PlyCount "188"]
[EventDate "2021.07.21"]
[EventType "swiss"]
[EventRounds "7"]
[EventCountry "ROU"]
[SourceTitle "CBM 203 Extra"]
[Source "ChessBase"]
[SourceDate "2021.09.30"]
[SourceVersion "1"]
[SourceVersionDate "2021.09.30"]
[SourceQuality "1"]

1. e4 d5 2. exd5 Qxd5 3. Nc3 Qd6 4. d4 Nf6 5. Nf3 g6 6. Nb5 Qb6 7. c4 c6 8. c5 Qd8 9. Na3 Bg7 10. Be2 0-0 11. 0-0 b6 12. Bf4 Be6 13. Nc4 Bd5 14. Rc1 Nbd7 15. b4 a5 16. a3 axb4 17. axb4 bxc5 18. dxc5 Nh5 19. Be3 Qb8 20. Nb6 Nxb6 21. cxb6 Rd8 22. Nd2 Nf4 23. Bf3 Nd3 24. Rb1 Ne5 25. Bxd5 cxd5 26. Bc5 e6 27. Qe2 Ra2 28. Qe3 Ng4 29. Qh3 h5 30. Nb3 Ra3 31. g3 Ne5 32. Na5 Rc8 33. b7 Rxc5 34. bxc5 Rxa5 35. Rfc1 Nc4 36. c6 Be5 37. Qh4 Rc5 38. Rb6 Qe8 39. Ra6 Bb8 40. Qf6 Kh7 41. g4 hxg4 42. h3 g3 43. fxg3 Be5 44. Ra8 Bxf6 45. Rxe8 Be5 46. Rc8 Rb5 47. c7 Rxb7 48. Rh8+ Bxh8 49. c8Q Bd4+ 50. Kh1 Ra7 51. Qd8 Kg7 52. Rxc4 Bf6 53. Qc8 dxc4 54. Qxc4 Rd7 55. Qe4 Rd4 56. Qe3 Rc4 57. Qd3 Rc3 58. Qe2 Rxg3 59. Kh2 Rb3 60. Qe4 Rb5 61. Kg2 Rg5+ 62. Kh1 Re5 63. Qf3 Rd5 64. Qe4 Rd4 65. Qf3 e5 66. Kg2 Bg5 67. Qc3 Bf4 68. Kf3 Rd1 69. Kg2 Rd2+ 70. Kg1 Re2 71. Qc7 Re3 72. Qd7 Rg3+ 73. Kf2 Rg5 74. Kf1 Rf5 75. Kg2 Rf6 76. Qd5 Re6 77. Kf3 Bh6 78. Qe4 Bg5 79. Kg2 f5 80. Qb7+ Re7 81. Qd5 e4 82. Kf1 Bh4 83. Qd6 Bf6 84. Ke2 Rb7 85. Qd5 Rb2+ 86. Kf1 e3 87. Qd7+ Kh6 88. Qa4 e2+ 89. Kf2 Kh5 90. Qa7 Bh4+ 91. Kf3 Rb7 92. Qxb7 e1Q 93. Qh7+ Kg5 94. Qh8 Qe4# 0-1

[Event "ROM-ch U18"]
[Site "Mamaia"]
[Date "2021.04.07"]
[Round "1"]
[White "Coca, Cristi Iulian"]
[Black "Nagy Elek, Tamas"]
[Result "1-0"]
[WhiteElo "2153"]
[BlackElo "1895"]
[PlyCount "89"]
[EventDate "2021.04.07"]
[EventType "swiss"]
[EventRounds "9"]
[EventCountry "ROU"]
[SourceTitle "EXT 2022"]
[Source "ChessBase"]
[SourceDate "2021.10.06"]
[SourceVersion "1"]
[SourceVersionDate "2021.10.06"]
[SourceQuality "1"]

1. e4 c6 2. d4 d5 3. exd5 cxd5 4. c4 Nf6 5. Nc3 Nc6 6. c5 g6 7. Nf3 Bg7 8. h3 0-0 9. Bf4 Ne4 10. Be3 e5 11. dxe5 Nxc3 12. bxc3 Nxe5 13. Nd4 Qa5 14. Qb3 Qxc5 15. Be2 Qc7 16. 0-0 Nc4 17. Nb5 Qe5 18. Bxc4 dxc4 19. Qxc4 Be6 20. Qb4 a6 21. Nd4 Bd5 22. c4 Be4 23. Rad1 Rac8 24. Rfe1 Qc7 25. c5 Rfe8 26. Ne2 Bf8 27. Ng3 Bc6 28. Qg4 Bg7 29. Rd6 b6 30. Red1 bxc5 31. Bf4 Qb7 32. Nf1 c4 33. Ne3 c3 34. Rc1 Qb2 35. Nc4 Qxa2 36. Nb6 Rc7 37. Rcd1 c2 38. Rc1 Qb2 39. Rd2 Qxb6 40. Bxc7 Qxc7 41. Rdxc2 Rc8 42. Rxc6 Qxc6 43. Qxc8+ Qxc8 44. Rxc8+ Bf8 45. Ra8 1-0

[Event "ROM-ch U14"]
[Site "Calimanesti"]
[Date "2018.04.03"]
[Round "9"]
[White "Tudoroiu, Razvan Catalin"]
[Black "Nagy Elek, Tamas"]
[Result "0-1"]
[WhiteElo "1001"]
[BlackElo "1599"]
[PlyCount "95"]
[EventDate "2018.03.27"]
[EventType "swiss"]
[EventRounds "9"]
[EventCountry "ROU"]
[SourceTitle "EXT 2019"]
[Source "ChessBase"]
[SourceDate "2018.10.10"]
[SourceVersion "1"]
[SourceVersionDate "2018.10.10"]
[SourceQuality "1"]

1. Nf3 Nf6 2. g3 g6 3. Bg2 Bg7 4. d3 d6 5. 0-0 0-0 6. e4 e5 7. Nbd2 Nc6 8. Ne1 Ne8 9. f4 f5 10. Nc4 fxe4 11. dxe4 Be6 12. Nd2 d5 13. fxe5 Rxf1+ 14. Nxf1 dxe4 15. Qxd8 Rxd8 16. Bxe4 Bxe5 17. Nd3 Bd4+ 18. Be3 Bxe3+ 19. Nxe3 Nd6 20. Bg2 Nf5 21. Nxf5 Bxf5 22. Bxc6 bxc6 23. Rd1 c5 24. b3 Rd4 25. Rc1 c4 26. Ne1 c3 27. Nf3 Rd5 28. Kf2 Be4 29. Ke3 Bxf3 30. Kxf3 Rd2 31. h4 Kf7 32. Ke3 Ke7 33. Re1 Kd6 34. Re2 Rxe2+ 35. Kxe2 Ke5 36. Ke3 h6 37. g4 c5 38. h5 gxh5 39. gxh5 Kf5 40. Kd3 Kg5 41. Kxc3 Kxh5 42. Kc4 Kg4 43. Kxc5 h5 44. Kd6 h4 45. c4 h3 46. c5 h2 47. c6 h1Q 48. c7 0-1

[Event "ROM-ch U14"]
[Site "Calimanesti"]
[Date "2018.03.29"]
[Round "3"]
[White "Titu, Robert Stefan"]
[Black "Nagy Elek, Tamas"]
[Result "0-1"]
[WhiteElo "1248"]
[BlackElo "1599"]
[PlyCount "118"]
[EventDate "2018.03.27"]
[EventType "swiss"]
[EventRounds "9"]
[EventCountry "ROU"]
[SourceTitle "CBM 183 Extra"]
[Source "ChessBase"]
[SourceDate "2018.04.19"]
[SourceVersion "1"]
[SourceVersionDate "2018.04.19"]
[SourceQuality "1"]

1. e4 c5 2. Nf3 d6 3. c4 Nf6 4. Nc3 e5 5. d3 Be7 6. Be2 0-0 7. 0-0 Nc6 8. Bg5 Nd4 9. Qd2 h6 10. Bh4 Qc7 11. Rfd1 Bd7 12. Rac1 Rfe8 13. Bxf6 Bxf6 14. Nd5 Qd8 15. Nxd4 cxd4 16. Qb4 Bc6 17. Bg4 b6 18. a4 Rb8 19. b3 a5 20. Qe1 Bg5 21. Rc2 Bxd5 22. cxd5 b5 23. Rb1 Re7 24. Rc6 Reb7 25. axb5 Rxb5 26. g3 g6 27. h4 h5 28. Bxh5 gxh5 29. hxg5 Qxg5 30. Qd1 h4 31. g4 Qf6 32. Qc2 Qf3 33. Qd1 Qxd1+ 34. Rxd1 Rxb3 35. Rxd6 a4 36. Ra6 a3 37. d6 R3b6 38. Rxb6 Rxb6 39. d7 Rd6 40. Ra1 Rxd7 41. Rxa3 Rc7 42. Kg2 Rc3 43. Ra5 f6 44. g5 Kg7 45. f4 fxg5 46. fxe5 Rxd3 47. e6 Kf6 48. Rxg5 Kxe6 49. Rd5 Rg3+ 50. Kf2 d3 51. Rh5 Rh3 52. Kg2 Re3 53. Rxh4 Ke5 54. Kf2 Rxe4 55. Rh1 Kd4 56. Rd1 Re2+ 57. Kf1 Kc3 58. Re1 Rxe1+ 59. Kxe1 Kc2 0-1

[Event "Miercurea Ciuc Bancpost op 20th"]
[Site "Miercurea Ciuc"]
[Date "2017.08.24"]
[Round "8"]
[White "Wunder, Tamas Gabor"]
[Black "Nagy Elek, Tamas"]
[Result "1/2-1/2"]
[WhiteElo "1643"]
[BlackElo "1439"]
[PlyCount "71"]
[EventDate "2017.08.17"]
[EventType "swiss"]
[EventRounds "9"]
[EventCountry "ROU"]
[SourceTitle "EXT 2020"]
[Source "ChessBase"]
[SourceDate "2019.10.17"]
[SourceVersion "1"]
[SourceVersionDate "2019.10.17"]
[SourceQuality "1"]

1. e4 c5 2. Nf3 d6 3. d4 cxd4 4. Nxd4 Nf6 5. Nc3 g6 6. Bb5+ Bd7 7. 0-0 Bg7 8. h3 0-0 9. Be3 a6 10. Be2 Nc6 11. Qd2 Re8 12. Rfd1 b5 13. a3 Rc8 14. Rac1 Qc7 15. f4 Red8 16. Bf3 Na5 17. Be2 Nc4 18. Bxc4 Qxc4 19. Qd3 Qxd3 20. cxd3 Rb8 21. b4 Rbc8 22. Nce2 Rxc1 23. Rxc1 Rc8 24. Kf2 Rxc1 25. Bxc1 e5 26. Nf3 Ne8 27. g4 exf4 28. Nxf4 f5 29. g5 fxe4 30. dxe4 Kf7 31. Ke3 Nc7 32. Nd4 Ne6 33. Ndxe6 Bxe6 34. h4 Bd7 35. Bd2 Be5 36. Be1 1/2-1/2

[Event "Miercurea Ciuc Bancpost op 20th"]
[Site "Miercurea Ciuc"]
[Date "2017.08.20"]
[Round "4"]
[White "Nagy Elek, Tamas"]
[Black "Muller, Wilhelm"]
[Result "0-1"]
[WhiteElo "1439"]
[BlackElo "1947"]
[PlyCount "76"]
[EventDate "2017.08.17"]
[EventType "swiss"]
[EventRounds "9"]
[EventCountry "ROU"]
[SourceTitle "EXT 2020"]
[Source "ChessBase"]
[SourceDate "2019.10.17"]
[SourceVersion "1"]
[SourceVersionDate "2019.10.17"]
[SourceQuality "1"]

1. e4 g6 2. d4 d6 3. Nf3 Bg7 4. Nc3 c6 5. Bc4 e6 6. 0-0 Nd7 7. Bf4 Nb6 8. Bb3 Ne7 9. Qd2 h6 10. a4 a5 11. Rfd1 Kf8 12. Be3 Kg8 13. d5 cxd5 14. Bxb6 Qxb6 15. exd5 e5 16. Nb5 Bg4 17. h3 Bxf3 18. gxf3 Kh7 19. Qe3 Qd8 20. Rd2 Nf5 21. Qe4 h5 22. Kh1 Bh6 23. Rdd1 Bf4 24. Qe2 Qf6 25. Rd3 Rae8 26. Rg1 Re7 27. Nc3 Qh4 28. Qf1 Nd4 29. Ne4 Ne2 30. Nxd6 Nxg1 31. Kxg1 f5 32. Nb5 e4 33. fxe4 Rxe4 34. d6 Rhe8 35. Rd1 Bd2 36. d7 R8e5 37. f4 Rxf4 38. Qd3 Re1+ 0-1

[Event "Miercurea Ciuc Bancpost op 20th"]
[Site "Miercurea Ciuc"]
[Date "2017.08.17"]
[Round "1"]
[White "Nagy Elek, Tamas"]
[Black "Firaru, Roxana Maria"]
[Result "0-1"]
[WhiteElo "1439"]
[BlackElo "1922"]
[PlyCount "118"]
[EventDate "2017.08.17"]
[EventType "swiss"]
[EventRounds "9"]
[EventCountry "ROU"]
[SourceTitle "EXT 2020"]
[Source "ChessBase"]
[SourceDate "2019.10.17"]
[SourceVersion "1"]
[SourceVersionDate "2019.10.17"]
[SourceQuality "1"]

1. e4 e5 2. Nf3 Nc6 3. Bb5 a6 4. Ba4 Nf6 5. 0-0 b5 6. Bb3 Bc5 7. d3 d6 8. c3 0-0 9. h3 h6 10. Re1 Re8 11. a4 Rb8 12. axb5 axb5 13. Bc2 Bb6 14. d4 Bd7 15. dxe5 Nxe5 16. Nxe5 dxe5 17. Be3 Bc6 18. Nd2 Nd7 19. Nf1 Qf6 20. Bxb6 Nxb6 21. Ne3 Rbd8 22. Qe2 Rd7 23. Red1 Red8 24. Rxd7 Rxd7 25. Rd1 Qf4 26. Rxd7 Bxd7 27. Bd3 c6 28. Bc2 Qg5 29. Kh1 Be6 30. Qd2 Nc4 31. Nxc4 Bxc4 32. Qxg5 hxg5 33. Kh2 f6 34. Kg3 Kf7 35. Kf3 Ke6 36. g3 g6 37. g4 Kd6 38. Kg3 Bf7 39. h4 gxh4+ 40. Kxh4 g5+ 41. Kg3 Kc5 42. f3 Kc4 43. Kf2 b4 44. cxb4 Kxb4 45. Ke3 c5 46. Kd2 Bc4 47. Ke3 Bb5 48. Kd2 Bd7 49. Bd1 Bb5 50. Bc2 Bc4 51. Ke3 Bb3 52. Bb1 Bd1 53. Ba2 c4 54. Kf2 Bb3 55. Bb1 c3 56. bxc3+ Kxc3 57. Ke3 Bc4 58. f4 gxf4+ 59. Kf3 Kb2 0-1

[Event "ROM-ch U14"]
[Site "Baile Felix"]
[Date "2017.02.08"]
[Round "8"]
[White "Nagy Elek, Tamas"]
[Black "Nicoara, David Cristian"]
[Result "0-1"]
[WhiteElo "1447"]
[BlackElo "1365"]
[PlyCount "76"]
[EventDate "2017.02.02"]
[EventType "swiss"]
[EventRounds "9"]
[EventCountry "ROU"]
[SourceTitle "CBM 176 Extra"]
[Source "ChessBase"]
[SourceDate "2017.03.02"]
[SourceVersion "1"]
[SourceVersionDate "2017.03.02"]
[SourceQuality "1"]

1. e4 c5 2. Nf3 g6 3. d4 cxd4 4. Nxd4 Bg7 5. Be2 Nc6 6. Nxc6 bxc6 7. 0-0 Nf6 8. Nc3 0-0 9. Be3 d5 10. exd5 cxd5 11. f4 e6 12. Bd4 Bd7 13. a4 Qe7 14. Bb5 a6 15. Bxd7 Nxd7 16. Bxg7 Kxg7 17. Qd4+ Qf6 18. Qxf6+ Nxf6 19. Ne2 Ne4 20. Ng3 Nxg3 21. hxg3 Rab8 22. Ra2 Rfc8 23. c3 Rb3 24. Rf2 Kf6 25. Re2 Ke7 26. Kf2 Rc4 27. Rd2 Kd6 28. Ke3 Kc5 29. Kf2 Kb6 30. Ke3 Kc5 31. Kf2 d4 32. cxd4+ Rxd4 33. Rc2+ Rc4 34. Rd2 Rd4 35. Rc2+ Kd6 36. Ra1 Rbb4 37. Rac1 Rxa4 38. Rc7 Rd2+ 0-1

[Event "ROM-ch U14"]
[Site "Baile Felix"]
[Date "2017.02.05"]
[Round "5"]
[White "Dobrin, Ionut Alexandru"]
[Black "Nagy Elek, Tamas"]
[Result "1-0"]
[WhiteElo "1740"]
[BlackElo "1447"]
[PlyCount "119"]
[EventDate "2017.02.02"]
[EventType "swiss"]
[EventRounds "9"]
[EventCountry "ROU"]
[SourceTitle "CBM 176 Extra"]
[Source "ChessBase"]
[SourceDate "2017.03.02"]
[SourceVersion "1"]
[SourceVersionDate "2017.03.02"]
[SourceQuality "1"]

1. d4 Nf6 2. c4 g6 3. Nc3 Bg7 4. e4 d6 5. f3 0-0 6. Bg5 Nbd7 7. Nh3 c5 8. d5 h6 9. Be3 Nb6 10. Nf2 Ne8 11. Qd2 g5 12. h4 f6 13. hxg5 fxg5 14. Bd3 e5 15. Rb1 Nd7 16. b4 b6 17. Ng4 Rf7 18. Nxh6+ Bxh6 19. Rxh6 Rg7 20. Rh5 cxb4 21. Rxb4 Nc5 22. Be2 g4 23. Bg5 Qc7 24. Bh6 Rg6 25. Rg5 Qh7 26. Rxg6+ Qxg6 27. Qg5 Qxg5 28. Bxg5 gxf3 29. gxf3 Bd7 30. Be3 Nb7 31. f4 exf4 32. Bxf4 Kf7 33. Nb5 Bxb5 34. Rxb5 Nf6 35. e5 dxe5 36. Bxe5 Ne4 37. Bf3 Nbc5 38. Ke2 Kg6 39. Bxe4+ Nxe4 40. Kd3 Nc5+ 41. Kd4 Kf7 42. Rb1 Rg8 43. Rf1+ Ke7 44. d6+ Ke8 45. Rf2 Rg4+ 46. Kd5 Rg5 47. Rh2 Nd3 48. Rh8+ Kd7 49. Rh7+ Kd8 50. Re7 Rh5 51. Kd4 Nb4 52. Rc7 Rh4+ 53. Kc3 Nxa2+ 54. Kb3 Nc1+ 55. Kc2 Rh6 56. Kxc1 Rxd6 57. Bg3 Rd4 58. Kc2 Rg4 59. Be5 Rg6 60. Kd3 1-0